[Event "81759 VI. Rakosmente Open"]
[Site "Budapest, Hungary"]
[Date "2013.06.15"]
[Round "4.1"]
[White "Yip, Michael"]
[Black "Terbe, Julianna"]
[Result "1-0"]
[WhiteElo "2007"]
[BlackElo "1928"]
[PlyCount "95"]
[EventDate "2013.??.??"]

1. Nf3 d5 2. d4 c6 3. c4 Nf6 4. e3 g6 5. Nc3 Bg7 6. h3 O-O 7. Bd3 dxc4 8. Bxc4
c5 9. d5 Nbd7 10. e4 Nb6 11. Bb3 Nfd7 12. O-O c4 13. Bc2 Nc5 14. Be3 Nbd7 15.
Qd2 a6 16. b4 cxb3 17. axb3 b5 18. Bd4 Rb8 19. b4 Nb7 20. Bxg7 Kxg7 21. Rxa6
Nd6 22. Ra2 Nc4 23. Qd4+ Kg8 24. e5 Qb6 25. Qxb6 Rxb6 26. Rc1 Bb7 27. Bb3 Rc8
28. Re2 e6 29. dxe6 fxe6 30. Nd4 Bd5 31. f4 Rcb8 32. Ncxb5 Rxb5 33. Nxb5 Rxb5
34. Bxc4 Bxc4 35. Rxc4 Nb6 36. Rc6 Nd5 37. Re4 Nxb4 38. Rxe6 Nd3 39. Rc4 Rb7
40. g3 Kf7 41. Rec6 Rb1+ 42. Kg2 Rb2+ 43. Kf3 Ne1+ 44. Kg4 h5+ 45. Kg5 Nf3+ 46.
Kh6 Rb8 47. Rf6+ Ke7 48. Rc7+ 1-0

[Event "81759 VI. Rakosmente Open"]
[Site "Budapest, Hungary"]
[Date "2013.06.15"]
[Round "4.2"]
[White "Suranyi, Pal"]
[Black "Szentgyorgyi, Sandor"]
[Result "1-0"]
[WhiteElo "2115"]
[BlackElo "1861"]
[PlyCount "99"]
[EventDate "2013.??.??"]

1. d4 Nf6 2. Nf3 c5 3. d5 b5 4. c4 Bb7 5. e4 d6 6. cxb5 Nxe4 7. Bd3 Nf6 8. Nc3
g6 9. O-O Bg7 10. Re1 O-O 11. Bg5 Nbd7 12. Qe2 Re8 13. Rab1 h6 14. Bxg6 fxg6
15. Qe6+ Kh7 16. Ne4 Nxe4 17. Rxe4 Ne5 18. Nxe5 dxe5 19. Rh4 Qd6 20. Qf7 h5 21.
g4 Rf8 22. Qxe7 Qxe7 23. Bxe7 Bf6 24. Bxf8 Rxf8 25. Rh3 Bc8 26. Rc1 Bxg4 27.
Ra3 Rf7 28. Rxc5 Kh6 29. h3 Bh4 30. Rc2 Bf3 31. d6 e4 32. Rc7 Rf5 33. Rc4 Rd5
34. Rxf3 exf3 35. Rxh4 Rxd6 36. Rb4 g5 37. a4 Rd1+ 38. Kh2 h4 39. a5 Rd2 40. b6
axb6 41. axb6 Rd8 42. b7 Rb8 43. Rb6+ Kh5 44. b3 g4 45. Rb5+ Kg6 46. hxg4 Kf6
47. Kh3 Ke6 48. Kxh4 Rh8+ 49. Kg3 Rb8 50. Kxf3 1-0

[Event "81759 VI. Rakosmente Open"]
[Site "Budapest, Hungary"]
[Date "2013.06.15"]
[Round "4.3"]
[White "Markos, Adam"]
[Black "Kokeny, Norbert Adrian"]
[Result "1-0"]
[WhiteElo "2073"]
[BlackElo "1782"]
[PlyCount "67"]
[EventDate "2013.??.??"]

1. Nf3 Nf6 2. c4 c6 3. b3 d5 4. Bb2 Bf5 5. g3 e6 6. Bg2 Bd6 7. O-O Nbd7 8. d3
O-O 9. Re1 Bb4 10. Nbd2 dxc4 11. bxc4 Qa5 12. a3 Bxd2 13. Nxd2 e5 14. a4 Rfe8
15. Nb3 Qc7 16. e4 Be6 17. a5 b6 18. Qc2 c5 19. Rf1 Nf8 20. f4 Ng4 21. Qe2 exf4
22. gxf4 f5 23. h3 Nh6 24. Be5 Qd7 25. exf5 Bxf5 26. Bxa8 Bxd3 27. Qg2 Bxf1 28.
Rxf1 Qe7 29. Bd5+ Kh8 30. Qg5 Qxg5+ 31. fxg5 Ng6 32. Bb2 Re2 33. Ba1 Ng8 34.
Rf7 1-0

[Event "81759 VI. Rakosmente Open"]
[Site "Budapest, Hungary"]
[Date "2013.06.15"]
[Round "4.4"]
[White "Sulcz, Istvan"]
[Black "Lakat, Gyula"]
[Result "1/2-1/2"]
[WhiteElo "1903"]
[BlackElo "1860"]
[PlyCount "78"]
[EventDate "2013.??.??"]

1. d4 Nf6 2. Nf3 b6 3. g3 Bb7 4. Bg2 d6 5. O-O Nbd7 6. c4 g6 7. Nc3 Bg7 8. Re1
O-O 9. e4 c5 10. d5 Ng4 11. h3 Nge5 12. Nxe5 Nxe5 13. Bf1 Ba6 14. Nb5 f5 15.
exf5 gxf5 16. f4 Ng6 17. Qc2 Qd7 18. a4 Rae8 19. Bd2 Bc8 20. a5 a6 21. Nc3 bxa5
22. Rxa5 e5 23. dxe6 Bd4+ 24. Kh2 Rxe6 25. Rxe6 Qxe6 26. Bg2 Ne7 27. Nd5 Kh8
28. Ra1 Nxd5 29. cxd5 Qf6 30. Bc3 Re8 31. Ra3 Bb7 32. Qb3 Qg7 33. Bxd4 cxd4 34.
Qb6 h5 35. h4 Re3 36. Rxe3 dxe3 37. Qxe3 Qf7 38. Qd4+ Kh7 39. b4 Kg6 1/2-1/2

[Event "81759 VI. Rakosmente Open"]
[Site "Budapest, Hungary"]
[Date "2013.06.15"]
[Round "4.5"]
[White "Mihok, Laszlo"]
[Black "Bege, Vencel"]
[Result "1-0"]
[WhiteElo "2109"]
[BlackElo "1743"]
[PlyCount "89"]
[EventDate "2013.??.??"]

1. d4 d5 2. Bg5 g6 3. Nf3 Bg7 4. Nc3 Nf6 5. Qd2 Ne4 6. Qe3 h6 7. Bf4 g5 8. Be5
f6 9. Bg3 f5 10. Be5 Nf6 11. Bxf6 Bxf6 12. h4 g4 13. Ne5 Rh7 14. Qd3 c6 15.
Nxg4 e6 16. Nxf6+ Qxf6 17. g4 Na6 18. a3 Bd7 19. gxf5 exf5 20. f4 O-O-O 21.
O-O-O Re8 22. e3 Rhe7 23. Re1 Rg8 24. Qd2 Rg3 25. Bxa6 bxa6 26. Qd3 Kb8 27.
Qxa6 Bc8 28. Qd3 Rb7 29. Na4 h5 30. Nc5 Re7 31. Qd2 Qd6 32. Nd3 Rb7 33. Rhg1
Rg4 34. Ne5 c5 35. Nxg4 hxg4 36. dxc5 Qxc5 37. Qd4 Qb5 38. h5 Qc6 39. Rd1 Rc7
40. Rd2 Qe6 41. Rh1 g3 42. h6 g2 43. Rxg2 Qa6 44. Qe5 Qc4 45. h7 1-0

[Event "81759 VI. Rakosmente Open"]
[Site "Budapest, Hungary"]
[Date "2013.06.15"]
[Round "4.6"]
[White "Safar, Istvan"]
[Black "Terbe, Zsuzsanna"]
[Result "0-1"]
[WhiteElo "1694"]
[BlackElo "1866"]
[PlyCount "160"]
[EventDate "2013.??.??"]

1. e4 c5 2. Nf3 Nc6 3. c3 Nf6 4. d3 d5 5. e5 Nd7 6. d4 cxd4 7. cxd4 Nb6 8. h3
Bf5 9. Bd3 Bxd3 10. Qxd3 e6 11. Bd2 Nc4 12. Bc3 Bb4 13. O-O Bxc3 14. bxc3 Rc8
15. Nbd2 N6a5 16. Nxc4 Nxc4 17. Nd2 Qa5 18. Nxc4 Rxc4 19. Rfc1 O-O 20. Rc2 Rfc8
21. Rac1 b5 22. Kf1 Ra4 23. Qd2 Rc6 24. f4 Ra6 25. Ra1 Qc7 26. Qe2 Rc4 27. Rac1
Rac6 28. Qd3 b4 29. Ke2 bxc3 30. g4 g6 31. Ke3 Kg7 32. g5 Qa5 33. h4 Qb4 34. h5
Kf8 35. h6 Ke7 36. Qd1 Qa3 37. Qd3 Kd7 38. Ke2 Qb4 39. Ke3 Qa5 40. Kf3 Qa4 41.
Ke3 Qb4 42. Qd1 Rb6 43. Qd3 Rbc6 44. Qd1 Qa5 45. Qd3 Rc7 46. Kf3 Rc8 47. Ke3
R4c6 48. Kf3 Rc4 49. Ke3 R8c6 50. Kf3 Qb4 51. Ke3 Qa4 52. Qd1 Qa5 53. Qd3 Kc7
54. Kf3 Qb4 55. Ke3 Kb7 56. Qd1 Rb6 57. Qd3 Rbc6 58. Qd1 Qa4 59. Qd3 Qa5 60.
Kf3 Kc7 61. Ke3 Kd7 62. Kf3 Ra4 63. Rxc3 Rxc3 64. Rxc3 Rxa2 65. Rb3 Rd2 66.
Qb5+ Qxb5 67. Rxb5 Rc2 68. Ra5 Rc7 69. Ke3 Kc6 70. Kd3 Rb7 71. Rc5+ Kd7 72. Ra5
Kc8 73. Rc5+ Rc7 74. Ra5 Kb8 75. Rb5+ Rb7 76. Ra5 Rb6 77. Kc3 Kb7 78. Rc5 a6
79. Ra5 Rb5 80. Rxb5+ axb5 0-1

[Event "81759 VI. Rakosmente Open"]
[Site "Budapest, Hungary"]
[Date "2013.06.15"]
[Round "4.7"]
[White "Karacsonyi, Gellert"]
[Black "Abraham, Lajos"]
[Result "1/2-1/2"]
[WhiteElo "1687"]
[BlackElo "1828"]
[PlyCount "88"]
[EventDate "2013.??.??"]

1. e4 c5 2. Nf3 a6 3. c3 d5 4. exd5 Qxd5 5. d4 e6 6. Be2 Nc6 7. O-O Nf6 8. c4
Qd8 9. Be3 cxd4 10. Nxd4 Bd7 11. Nc3 Bb4 12. Rc1 Qe7 13. a3 Bxc3 14. Rxc3 O-O
15. b4 Rfd8 16. Qc2 h6 17. Rd1 Be8 18. f3 Nxd4 19. Bxd4 e5 20. Bc5 Qc7 21. Rcd3
Rxd3 22. Qxd3 b5 23. Bd6 Qxc4 24. Qxc4 bxc4 25. Bxc4 Bb5 26. Rc1 e4 27. fxe4
Nxe4 28. Bd5 Re8 29. Bf4 g5 30. Bg3 Nxg3 31. hxg3 Rd8 32. Bf3 Rd3 33. Ra1 f5
34. a4 Bc4 35. Be2 Rc3 36. Bxc4+ Rxc4 37. Rb1 Kf7 38. Kf2 Ke6 39. b5 axb5 40.
axb5 Kd7 41. b6 Kc8 42. b7+ Kb8 43. Rb6 h5 44. Rg6 Rg4 1/2-1/2

[Event "81759 VI. Rakosmente Open"]
[Site "Budapest, Hungary"]
[Date "2013.06.15"]
[Round "4.8"]
[White "Xiao Hu, Chen"]
[Black "Bege, Levente"]
[Result "0-1"]
[WhiteElo "1397"]
[BlackElo "1815"]
[PlyCount "66"]
[EventDate "2013.??.??"]

1. e4 c5 2. Nf3 d6 3. d4 cxd4 4. Nxd4 Nf6 5. Nc3 a6 6. Be3 Ng4 7. Bg5 h6 8. Bh4
g5 9. Bg3 Bg7 10. h3 Ne5 11. Bxe5 Bxe5 12. Nde2 b5 13. h4 g4 14. f4 gxf3 15.
gxf3 e6 16. f4 Bf6 17. Qd2 Bxh4+ 18. Kd1 Bb7 19. Bg2 Be7 20. Ke1 h5 21. Rd1 h4
22. Ng1 Qb6 23. e5 d5 24. Qd4 Bc5 25. Qd3 Bxg1 26. Ke2 Bc5 27. Bh3 Nd7 28. Ne4
O-O-O 29. Nd6+ Bxd6 30. exd6 Qxd6 31. Qd4 Kb8 32. Rhe1 Rhg8 33. f5 Qh2+ 0-1

[Event "81759 VI. Rakosmente Open"]
[Site "Budapest, Hungary"]
[Date "2013.06.15"]
[Round "4.9"]
[White "Pirityi, Andras"]
[Black "Szoukup, Istvan"]
[Result "0-1"]
[WhiteElo "1754"]
[BlackElo "1722"]
[PlyCount "50"]
[EventDate "2013.??.??"]

1. e4 e5 2. Nc3 Nf6 3. g3 Bc5 4. Bg2 Nc6 5. Nge2 O-O 6. O-O d6 7. h3 Be6 8. d3
d5 9. exd5 Nxd5 10. Ne4 Be7 11. c4 Ndb4 12. f4 Nxd3 13. f5 Nxc1 14. Qxc1 Nd4
15. N2c3 Bxf5 16. Rd1 Bb4 17. Kh2 Bxe4 18. Bxe4 c6 19. Qb1 f5 20. Bxf5 Rxf5 21.
Qxf5 Nxf5 22. Rxd8+ Rxd8 23. Ne4 Rd4 24. Ng5 Rd2+ 25. Kg1 Nxg3 0-1

[Event "81759 VI. Rakosmente Open"]
[Site "Budapest, Hungary"]
[Date "2013.06.15"]
[Round "4.10"]
[White "Matuska, Miklos"]
[Black "Kovacs, Gabor Etele"]
[Result "1/2-1/2"]
[WhiteElo "2104"]
[BlackElo "1558"]
[PlyCount "52"]
[EventDate "2013.??.??"]

1. Nf3 d5 2. g3 c6 3. Bg2 Bg4 4. h3 Bh5 5. O-O Nf6 6. d4 Nbd7 7. c4 e6 8. b3
Be7 9. Nc3 O-O 10. Bf4 Qa5 11. Bd2 Bb4 12. Qe1 Bg6 13. a3 Bxc3 14. Bxc3 Qb6 15.
Nd2 Rac8 16. b4 Qc7 17. e4 Nb6 18. e5 Nfd7 19. c5 Na4 20. Qe3 b6 21. cxb6 axb6
22. Rfc1 Nxc3 23. Rxc3 Qb7 24. Rac1 Rc7 25. f4 Rfc8 26. g4 h6 1/2-1/2

[Event "81759 VI. Rakosmente Open"]
[Site "Budapest, Hungary"]
[Date "2013.06.15"]
[Round "4.11"]
[White "Czimer, Jozsef"]
[Black "Mitlasovszki, Imre"]
[Result "0-1"]
[WhiteElo "1669"]
[BlackElo "2044"]
[PlyCount "46"]
[EventDate "2013.??.??"]

1. Nf3 d5 2. e3 Nf6 3. c4 e6 4. d4 c6 5. Nc3 Nbd7 6. Qb3 Bd6 7. cxd5 exd5 8.
Be2 O-O 9. h3 Re8 10. O-O Nf8 11. Rd1 Ne4 12. Nxe4 dxe4 13. Nd2 Qg5 14. Kh1 Qh4
15. f4 Bxh3 16. gxh3 Qxh3+ 17. Kg1 Qg3+ 18. Kh1 Re6 19. Qxe6 Nxe6 20. Nf1 Qh4+
21. Kg2 g5 22. Bd2 gxf4 23. exf4 Kh8 0-1

[Event "81759 VI. Rakosmente Open"]
[Site "Budapest, Hungary"]
[Date "2013.06.15"]
[Round "4.12"]
[White "Bartuszek, Andras"]
[Black "Forgacs, Andras"]
[Result "1-0"]
[WhiteElo "1846"]
[BlackElo "1489"]
[PlyCount "66"]
[EventDate "2013.??.??"]

1. e4 c6 2. d4 d5 3. Nd2 dxe4 4. Nxe4 Bf5 5. Ng3 Bg6 6. h4 h6 7. h5 Bh7 8. Nf3
Nf6 9. Bd3 e6 10. Bxh7 Nxh7 11. Ne5 Nd7 12. f4 Ndf6 13. Qd3 Nd5 14. c3 Nhf6 15.
Bd2 a6 16. O-O-O c5 17. f5 cxd4 18. fxe6 dxc3 19. exf7+ Ke7 20. Ng6+ Kxf7 21.
Nxh8+ Kg8 22. Bxc3 Qc7 23. Ng6 b5 24. Kb1 Ba3 25. Bxf6 Nxf6 26. Qxa3 b4 27.
Qb3+ Kh7 28. Rc1 Qd6 29. Rhd1 Qb8 30. Qc2 Kg8 31. Nf5 a5 32. Nge7+ Kh8 33. Nxg7
Kxg7 1-0

[Event "81759 VI. Rakosmente Open"]
[Site "Budapest, Hungary"]
[Date "2013.06.15"]
[Round "4.13"]
[White "Polyanszky-Tamasi, Zoltan"]
[Black "Czumbel, Peter"]
[Result "1-0"]
[WhiteElo "1828"]
[BlackElo "1573"]
[PlyCount "97"]
[EventDate "2013.??.??"]

1. Nf3 d5 2. c4 c6 3. e3 Nf6 4. Nc3 g6 5. Qb3 Bg7 6. d4 O-O 7. cxd5 Nxd5 8. Bc4
Nxc3 9. bxc3 b5 10. Be2 Be6 11. Qc2 Qa5 12. Bd2 Nd7 13. O-O Nb6 14. c4 Qa6 15.
c5 Bf5 16. e4 Bg4 17. cxb6 Bxf3 18. Bxf3 Bxd4 19. Rac1 Bxb6 20. Qb2 Rfd8 21.
Bh6 Bd4 22. Qb4 c5 23. Rxc5 Bxc5 24. Qxc5 Rd6 25. e5 Rc8 26. Qb4 Rc4 27. Qb2
Rdd4 28. Be2 Rb4 29. Qc3 Qb7 30. Rc1 Qd7 31. Qc8+ Qd8 32. Qb7 Qe8 33. h3 Rd7
34. Rc8 Rd8 35. Bxb5 Rxc8 36. a4 Qd8 37. Qxa7 Qc7 38. Qe3 Ra8 39. g3 Rbxa4 40.
Bxa4 Rxa4 41. Qb3 Ra1+ 42. Kh2 Qa7 43. Be3 Qa8 44. g4 Qh1+ 45. Kg3 Rg1+ 46. Kh4
Qg2 47. Qb8+ Kg7 48. Bh6+ Kxh6 49. Qf8# 1-0

[Event "81759 VI. Rakosmente Open"]
[Site "Budapest, Hungary"]
[Date "2013.06.15"]
[Round "4.14"]
[White "Toth, Viktor"]
[Black "Szurovszky, Elek"]
[Result "0-1"]
[WhiteElo "1402"]
[BlackElo "2118"]
[PlyCount "50"]
[EventDate "2013.??.??"]

1. e4 e5 2. Nf3 Nc6 3. Bc4 Bc5 4. c3 Bb6 5. d4 Qe7 6. Be3 d6 7. Ng5 Nh6 8. Nf3
Bg4 9. Bxh6 gxh6 10. d5 Nb8 11. Qd3 Nd7 12. Nbd2 Nc5 13. Qe2 O-O-O 14. Nb3 f5
15. Nxc5 Bxc5 16. exf5 e4 17. h3 Bxf5 18. Nd2 e3 19. fxe3 Bxe3 20. O-O-O Qe4
21. Bd3 Qxd3 22. Qxd3 Bxd3 23. Rde1 Rhe8 24. Kd1 Bf2 25. Ref1 Bxf1 0-1

[Event "81759 VI. Rakosmente Open"]
[Site "Budapest, Hungary"]
[Date "2013.06.15"]
[Round "4.17"]
[White "Olah, Laszlo Istvan"]
[Black "Quan, Vu"]
[Result "1-0"]
[WhiteElo "1641"]
[BlackElo "1192"]
[PlyCount "49"]
[EventDate "2013.??.??"]

1. e4 c5 2. Nf3 Nc6 3. d4 cxd4 4. Nxd4 e6 5. Nc3 Bb4 6. Be3 Nf6 7. Nxc6 bxc6 8.
Bd3 O-O 9. O-O Bxc3 10. bxc3 e5 11. f4 Re8 12. fxe5 Rxe5 13. Bd4 Re6 14. e5 Ne8
15. Bxh7+ Kxh7 16. Qh5+ Rh6 17. Qxf7 Qh4 18. Qf5+ g6 19. Qf7+ Ng7 20. Rf3 Qxh2+
21. Kf2 Qh4+ 22. Rg3 Ba6 23. e6 Rg8 24. exd7 Rh5 25. Qxg6+ 1-0

[Event "81759 VI. Rakosmente Open"]
[Site "Budapest, Hungary"]
[Date "2013.06.15"]
[Round "4.20"]
[White "Galambos, Manuel"]
[Black "Bege, Mate"]
[Result "0-1"]
[WhiteElo "1396"]
[BlackElo "1637"]
[PlyCount "94"]
[EventDate "2013.??.??"]

1. e4 c5 2. Nf3 d6 3. d4 cxd4 4. Nxd4 Nf6 5. Nc3 Nc6 6. Be3 Ng4 7. Qf3 Nce5 8.
Qf4 g6 9. h3 Bh6 10. Qg3 Nxe3 11. fxe3 O-O 12. O-O-O Qb6 13. h4 Nc6 14. h5 Nxd4
15. hxg6 Bxe3+ 16. Kb1 fxg6 17. Qxe3 Nb5 18. Qh6 Nxc3+ 19. Kc1 Nxa2+ 20. Kb1
Nc3+ 21. Kc1 Rf7 22. bxc3 Bg4 23. Re1 Qf2 24. Bc4 d5 25. exd5 Qf4+ 26. Qxf4
Rxf4 27. Bb3 Re8 28. d6+ e6 29. d7 Rd8 30. Bxe6+ Bxe6 31. Rxe6 Rxd7 32. Re8+
Kg7 33. Ra8 a6 34. Rd1 Rc7 35. Kd2 Rf2+ 36. Ke3 Rxc2 37. Rad8 R2xc3+ 38. Kf4
Rf7+ 39. Kg5 h6+ 40. Kg4 Rc2 41. R1d2 Rxd2 42. Rxd2 a5 43. Rd5 b6 44. Rb5 h5+
45. Kg5 Rf5+ 46. Rxf5 gxf5 47. Kxf5 a4 0-1

[Event "81759 VI. Rakosmente Open"]
[Site "Budapest, Hungary"]
[Date "2013.06.15"]
[Round "4.21"]
[White "Karacsonyi, Kata"]
[Black "Bangha, Otto Peter"]
[Result "1-0"]
[WhiteElo "1309"]
[BlackElo "1274"]
[PlyCount "55"]
[EventDate "2013.??.??"]

1. e4 e5 2. Nf3 Nc6 3. Bc4 Nf6 4. d3 Be7 5. c3 O-O 6. O-O d6 7. Nbd2 Bg4 8. Re1
Re8 9. h3 Bh5 10. Nf1 d5 11. exd5 Nxd5 12. Ng3 Bxf3 13. Qxf3 Nf6 14. Ne4 Nxe4
15. Bxf7+ Kh8 16. Bxe8 Qxe8 17. Rxe4 Rd8 18. Rg4 Qd7 19. Qf7 g6 20. Bh6 Rg8 21.
Rh4 Bxh4 22. Qxd7 Bf6 23. d4 e4 24. Re1 g5 25. Rxe4 Rg6 26. Re8+ Rg8 27. Rxg8+
Kxg8 28. Qe8# 1-0

[Event "81759 VI. Rakosmente Open"]
[Site "Budapest, Hungary"]
[Date "2013.06.15"]
[Round "4.22"]
[White "Toth, Nikoletta"]
[Black "Viola, Gellert"]
[Result "0-1"]
[WhiteElo "1126"]
[BlackElo "1296"]
[PlyCount "122"]
[EventDate "2013.??.??"]

1. e4 c5 2. c3 d6 3. Nf3 Nf6 4. e5 dxe5 5. Nxe5 g6 6. d4 cxd4 7. cxd4 Bg7 8.
Bb5+ Nbd7 9. Qb3 O-O 10. Bc4 Nxe5 11. dxe5 Ne8 12. O-O e6 13. Rd1 Qc7 14. Bf4
Bxe5 15. Bh6 Ng7 16. Bxg7 Kxg7 17. Nc3 Bxh2+ 18. Kf1 Be5 19. Nb5 Qe7 20. Re1
Bf6 21. Re4 Bd7 22. Nc7 Bc6 23. Bd5 Rac8 24. Bxc6 bxc6 25. Na6 c5 26. Rc1 Rc6
27. Nb8 Rb6 28. Qh3 Rbxb8 29. b3 Rb4 30. Rec4 Rxc4 31. Rxc4 Qd6 32. Qf3 Rd8 33.
Rc1 Qd3+ 34. Qxd3 Rxd3 35. Rxc5 Rd2 36. a4 Bd4 37. Rc7 Rxf2+ 38. Ke1 Rxg2 39.
Rc4 Bb6 40. Rf4 Rb2 41. Rf3 a5 42. Kd1 h5 43. Ke1 h4 44. Kf1 g5 45. Ke1 g4 46.
Rf4 f5 47. Kf1 Rxb3 48. Ke2 h3 49. Rf1 Rb2+ 50. Ke1 Rb1+ 51. Ke2 Rxf1 52. Kxf1
g3 53. Ke2 h2 54. Kd3 h1=Q 55. Kc4 Qd5+ 56. Kc3 Qd4+ 57. Kb3 g2 58. Kc2 g1=R
59. Kb3 Rg3+ 60. Kc2 Qf2+ 61. Kb1 Rg1# 0-1

[Event "81759 VI. Rakosmente Open"]
[Site "Budapest, Hungary"]
[Date "2013.06.16"]
[Round "5.1"]
[White "Markos, Adam"]
[Black "Yip, Michael"]
[Result "1-0"]
[WhiteElo "2073"]
[BlackElo "2007"]
[PlyCount "129"]
[EventDate "2013.??.??"]

1. c4 d6 2. g3 e5 3. Bg2 f5 4. d3 Nf6 5. Nf3 g6 6. Nc3 Bg7 7. O-O O-O 8. Qc2
Nc6 9. a3 a5 10. Bd2 h6 11. h4 Ng4 12. Nd5 a4 13. Nc3 Bd7 14. Rad1 f4 15. e3 g5
16. hxg5 hxg5 17. Ne4 Bh6 18. Bc1 Bf5 19. Qe2 Bxe4 20. dxe4 fxg3 21. fxg3 Nf6
22. Nh2 Qd7 23. c5 Qe6 24. cxd6 cxd6 25. Bf3 Qe7 26. Ng4 Nxg4 27. Bxg4 Rxf1+
28. Rxf1 Kg7 29. Bd2 Kh8 30. Qc4 Kg7 31. Bh5 Nd8 32. Kg2 Kh8 33. Bg4 Kg7 34.
Bf5 Nf7 35. Be6 Nd8 36. Bd5 Qd7 37. Bc3 Rc8 38. Qe2 Ne6 39. Qh5 Rf8 40. Rxf8
Nxf8 41. Qf3 g4 42. Qf2 Nh7 43. Bb4 Nf6 44. Qe2 Bg5 45. Qd3 Kg6 46. Bc4 Qh7 47.
Be1 Qh3+ 48. Kg1 Qh6 49. Bf2 Qf8 50. Bb5 Nh7 51. Bxa4 Be7 52. Qe2 Kh5 53. Bd1
Qc8 54. Qd2 Ng5 55. Qd5 Nh3+ 56. Kg2 Qf8 57. Bxg4+ Kxg4 58. Qe6+ Kg5 59. Qxh3
Kg6 60. g4 Bg5 61. Qh5+ Kf6 62. Qh7 Bh6 63. Qf5+ Ke7 64. Bh4+ Ke8 65. Qe6+ 1-0

[Event "81759 VI. Rakosmente Open"]
[Site "Budapest, Hungary"]
[Date "2013.06.16"]
[Round "5.2"]
[White "Terbe, Julianna"]
[Black "Suranyi, Pal"]
[Result "1/2-1/2"]
[WhiteElo "1928"]
[BlackElo "2115"]
[PlyCount "36"]
[EventDate "2013.??.??"]

1. Nf3 Nf6 2. g3 g6 3. b3 Bg7 4. Bb2 d6 5. d4 Nbd7 6. Bg2 O-O 7. O-O e5 8. dxe5
Ng4 9. c4 Ngxe5 10. Nxe5 dxe5 11. Nc3 Re8 12. Qc2 Nf6 13. Rad1 Qe7 14. Nb5 e4
15. Ba3 Qe5 16. Bb2 Qe7 17. Ba3 Qe5 18. Bb2 Qe7 1/2-1/2

[Event "81759 VI. Rakosmente Open"]
[Site "Budapest, Hungary"]
[Date "2013.06.16"]
[Round "5.3"]
[White "Terbe, Zsuzsanna"]
[Black "Mihok, Laszlo"]
[Result "1-0"]
[WhiteElo "1866"]
[BlackElo "2109"]
[PlyCount "93"]
[EventDate "2013.??.??"]

1. Nf3 d5 2. e3 Nf6 3. c4 e6 4. Nc3 Be7 5. b3 O-O 6. Bb2 b6 7. Be2 Bb7 8. O-O
c5 9. cxd5 exd5 10. d4 Nbd7 11. Rc1 Rc8 12. dxc5 Nxc5 13. Nd4 Nfe4 14. Bf3 Nxc3
15. Bxc3 Ne4 16. Bb2 Bf6 17. Rc2 a6 18. Bg4 Rxc2 19. Qxc2 Bc8 20. Nc6 Qe8 21.
Bxf6 Bxg4 22. Be7 Bd7 23. Bxf8 Kxf8 24. Nd4 Qe5 25. Rc1 g6 26. Qc7 Qxc7 27.
Rxc7 Ke7 28. b4 a5 29. f3 Nd6 30. bxa5 bxa5 31. Nc6+ Ke6 32. Nxa5 h5 33. Nb3
Nc4 34. Nc5+ Kd6 35. Rxd7+ Kxc5 36. Kf2 Ne5 37. Rc7+ Kd6 38. Rc3 Nc4 39. Ke2 f6
40. Rxc4 dxc4 41. Kd2 Kc5 42. Kc3 Kb5 43. e4 g5 44. h3 Kc5 45. a4 h4 46. a5 Kb5
47. a6 1-0

[Event "81759 VI. Rakosmente Open"]
[Site "Budapest, Hungary"]
[Date "2013.06.16"]
[Round "5.4"]
[White "Szoukup, Istvan"]
[Black "Sulcz, Istvan"]
[Result "0-1"]
[WhiteElo "1722"]
[BlackElo "1903"]
[PlyCount "148"]
[EventDate "2013.??.??"]

1. e4 c5 2. Nf3 Nc6 3. d4 cxd4 4. Nxd4 Nf6 5. Nc3 e5 6. Ndb5 d6 7. Bg5 a6 8.
Na3 b5 9. Nd5 Be7 10. Bxf6 Bxf6 11. c3 Bg5 12. Nc2 O-O 13. a4 bxa4 14. Rxa4 a5
15. Bc4 Rb8 16. b4 Bd7 17. b5 Ne7 18. h4 Nxd5 19. Qxd5 Be6 20. Qd1 Bh6 21. Be2
d5 22. exd5 Bxd5 23. O-O Bb3 24. Ra3 Qxd1 25. Bxd1 Rxb5 26. Be2 Rbb8 27. Na1 a4
28. Rb1 Bd5 29. Rxb8 Rxb8 30. Rxa4 Rb1+ 31. Bf1 g6 32. Nc2 Bb3 33. Ra8+ Kg7 34.
Na3 Ra1 35. Ra5 Bd2 36. Nc4 Rxf1+ 37. Kxf1 Bxc4+ 38. Kg1 Be6 39. Rxe5 Bxc3 40.
Rb5 h6 41. g3 Kf6 42. Kg2 g5 43. hxg5+ hxg5 44. Kf3 g4+ 45. Ke3 Be5 46. Rb1 Bd6
47. Rh1 Ke5 48. Rh7 Bc5+ 49. Ke2 Bc4+ 50. Ke1 Ke4 51. Rh5 Bb4+ 52. Kd1 Kd3 53.
Rh8 Bb3+ 54. Kc1 Ba3+ 55. Kb1 Ke2 56. Rh2 Kf3 57. Ka1 Be6 58. Kb1 Bc5 59. Rh6
Bxf2 60. Kc2 Bxg3 61. Rf6+ Bf4 62. Rxf4+ Kxf4 63. Kd3 f5 64. Ke2 g3 65. Kf1 Ke3
66. Kg2 f4 67. Kg1 f3 68. Kf1 Bc4+ 69. Kg1 f2+ 70. Kg2 f1=Q+ 71. Kxg3 Qf4+ 72.
Kg2 Bd5+ 73. Kh3 Be6+ 74. Kg2 Qf2+ 0-1

[Event "81759 VI. Rakosmente Open"]
[Site "Budapest, Hungary"]
[Date "2013.06.16"]
[Round "5.5"]
[White "Bege, Levente"]
[Black "Szentgyorgyi, Sandor"]
[Result "1-0"]
[WhiteElo "1815"]
[BlackElo "1861"]
[PlyCount "105"]
[EventDate "2013.??.??"]

1. e4 c5 2. Nf3 Nc6 3. Bb5 d6 4. Bxc6+ bxc6 5. b3 e5 6. Bb2 Nf6 7. d3 Bg4 8.
Nbd2 Be7 9. h3 Bh5 10. O-O O-O 11. Nc4 a5 12. a4 Nd7 13. Ne3 Bxf3 14. Qxf3 g6
15. Qg3 Bh4 16. Qg4 h5 17. Qe2 Bf6 18. Bc3 Nb6 19. Qd2 d5 20. Bxa5 d4 21. Bxb6
Qxb6 22. Nc4 Qc7 23. f4 Qe7 24. Nxe5 Bxe5 25. fxe5 Qxe5 26. Qf4 Qxf4 27. Rxf4
f6 28. Rff1 Kg7 29. Ra2 Rfe8 30. Raa1 Re7 31. g4 hxg4 32. hxg4 c4 33. Rfb1 cxd3
34. cxd3 Kh6 35. Rc1 Re6 36. Rc5 Rb8 37. Rb1 Rb6 38. Kf2 Re5 39. Rxe5 fxe5 40.
b4 Kg5 41. Kg3 Ra6 42. a5 Ra7 43. Rc1 Ra6 44. Rc5 Kf6 45. g5+ Ke6 46. b5 cxb5
47. Rxb5 Kd6 48. Kf2 Rc6 49. Ke1 Rc5 50. Rb7 Rc6 51. Rf7 Kc5 52. Rf6 Rd6 53. a6
1-0

[Event "81759 VI. Rakosmente Open"]
[Site "Budapest, Hungary"]
[Date "2013.06.15"]
[Round "5.6"]
[White "Kokeny, Norbert Adrian"]
[Black "Bartuszek, Andras"]
[Result "1-0"]
[WhiteElo "1782"]
[BlackElo "1846"]
[PlyCount "135"]
[EventDate "2013.??.??"]

1. d4 Nf6 2. Nf3 g6 3. e3 Bg7 4. Bd3 d5 5. O-O O-O 6. Nbd2 b6 7. Ne5 Bb7 8. f4
Nbd7 9. Qf3 c5 10. c3 Qc7 11. g4 Rad8 12. Rf2 Bc8 13. h3 e6 14. Nf1 Ne4 15. Rg2
Bb7 16. Ng3 Nxg3 17. Nxd7 Rxd7 18. Qxg3 f6 19. Bd2 e5 20. Rc1 e4 21. Be2 c4 22.
Rf1 a5 23. f5 Qxg3 24. Rxg3 g5 25. Kh1 Rff7 26. Rgg1 Bf8 27. b3 b5 28. bxc4
dxc4 29. a4 Bc6 30. Rb1 bxa4 31. Bxc4 Bd5 32. Bb5 Rc7 33. Bxa4 Rb7 34. Bb5 Rfc7
35. c4 Bf7 36. Bxa5 Rxb5 37. Bxc7 Bxc4 38. Rxb5 Bxb5 39. Kg2 h5 40. d5 Kf7 41.
d6 Ke8 42. Rb1 Bc6 43. Rb8+ Kf7 44. Rd8 hxg4 45. hxg4 Ba4 46. d7 Be7 47. Rh8
Bxd7 48. Rh7+ Ke8 49. Bb6 Ba4 50. Rh1 Bc2 51. Rc1 Bd3 52. Kf2 Kd7 53. Rc7+ Ke8
54. Rc6 Kf7 55. Bc5 Bd8 56. Rd6 Ke8 57. Bd4 Be7 58. Rxf6 Bxf6 59. Bxf6 Kf7 60.
Bxg5 Bc2 61. Kg3 Bd1 62. Kf4 Bf3 63. Bd8 Ke8 64. Bc7 Kf7 65. g5 Bg2 66. g6+ Kg7
67. Kg5 Bf1 68. f6+ 1-0

[Event "81759 VI. Rakosmente Open"]
[Site "Budapest, Hungary"]
[Date "2013.06.15"]
[Round "5.7"]
[White "Abraham, Lajos"]
[Black "Polyanszky-Tamasi, Zoltan"]
[Result "1-0"]
[WhiteElo "1828"]
[BlackElo "1822"]
[PlyCount "93"]
[EventDate "2013.??.??"]

1. e4 c6 2. d4 d5 3. Nc3 dxe4 4. Nxe4 Nf6 5. Ng3 h5 6. f3 h4 7. Ne4 Bf5 8.
Nxf6+ gxf6 9. c3 Nd7 10. Be3 Nb6 11. Bd3 Bxd3 12. Qxd3 Rg8 13. Kf2 Rh8 14. Ne2
Nd5 15. Bd2 Qb6 16. a3 O-O-O 17. b4 Bh6 18. Bxh6 Rxh6 19. c4 Nc7 20. Qe3 Rhh8
21. Rhb1 Ne6 22. c5 Qc7 23. f4 Qd7 24. b5 Rhg8 25. bxc6 Qxc6 26. g3 Qd5 27. Rd1
h3 28. Qf3 Qxf3+ 29. Kxf3 Rd5 30. Rac1 f5 31. Ke3 Rgd8 32. Rd3 Kb8 33. a4 Nc7
34. Rb1 Na6 35. Rdb3 Re8 36. Rxb7+ Ka8 37. c6 f6 38. Nc3 Ra5 39. Rd7 Nb8 40.
Rc7 e5 41. d5 Na6 42. Rf7 Rb8 43. Rxb8+ Kxb8 44. Rxf6 exf4+ 45. Kxf4 Rc5 46.
Nb5 Rxd5 47. Rf8+ 1-0